000 00740 a2200205 4500
020 _a3540372393
020 _a9783540372394
082 _a530.14
090 _c1012
_d1012
100 1 _aHutter, Kolumban.
245 1 0 _aElectromagnetic field matter interactions in thermoelasic solids and viscous fluids /
_cKolumban Hutter, Alfons A.F. Ven, Ana Ursescu.
260 _a[S.l.] :
_bSpringer,
_c2006.
300 _a430 p. ;
_c24 cm.
490 1 _aLecture notes in physics.
700 1 _aVen, Alfons A.F.
700 1 _aUrsescu, Ana.
830 0 _aLecture notes in physics.
942 _aSNS
_cBK
_k530.14 HUT
999 _c29631
_d29631